000 00397nam a2200157Ia 4500
003 GCL
008 140319s9999 xx 000 0 eng d
040 _aGCL /
_cGCL
082 0 4 _a863.01
_bD L
100 1 _aRAJAS, FERNANDO
245 1 0 _aLA CELESTINA /
_cRAJAS, FERNANDO
260 _a[S.N] :
_bEL LIBRO DE BOLSILLO ،
_c1986
300 _a270
650 0 4 _aSPANISH LITERATURE
942 _2ddc
_cBK
999 _c10529
_d10529